Almas muertas : poema /
Uloženo v:
| Hlavní autor: | |
|---|---|
| Další autoři: | |
| Médium: | Elektronický zdroj E-kniha |
| Jazyk: | španělština ruština |
| Vydáno: |
Tres Cantos, Madrid, España :
Akal,
[2009]
|
| Edice: | Akal/Vía láctea ;
7. |
| Témata: | |
| On-line přístup: | Digitalia Hispánica |
| Tagy: |
Přidat tag
Žádné tagy, Buďte první, kdo vytvoří štítek k tomuto záznamu!
|
MARC
| LEADER | 00000nam a2200000 i 4500 | ||
|---|---|---|---|
| 001 | DIGAKAL0670 | ||
| 003 | NyNyDIG | ||
| 007 | cr ||||||||||| | ||
| 008 | 220615s2009 sp ob 000 1 spa d | ||
| 006 | m o d | ||
| 035 | |a (OCoLC)1335136994 | ||
| 040 | |a DGITA |b eng |e rda |e pn |c DGITA | ||
| 020 | |a 9788446049920 |q eBook | ||
| 020 | |z 9788446016021 | ||
| 041 | 1 | |a spa |h rus | |
| 050 | 1 | 4 | |a PG3333 ebook |
| 082 | 1 | 4 | |a 891.733 |
| 100 | 1 | |a Gogol, Nikolaĭ Vasilevich, |d 1809-1852, |e author. | |
| 240 | 1 | 0 | |a Mertvye dushi. |l Spanish |s (Piedras Monroy) |
| 245 | 1 | 0 | |a Almas muertas : |b poema / |c Nikolai Gogol ; edición de Pedro Piedras Monroy. |
| 264 | 1 | |a Tres Cantos, Madrid, España : |b Akal, |c [2009] | |
| 300 | |a 1 online resource. | ||
| 336 | |a text |b txt |2 rdacontent | ||
| 337 | |a computer |b c |2 rdamedia | ||
| 338 | |a online resource |b cr |2 rdacarrier | ||
| 347 | |a text file |2 rdaft | ||
| 347 | |b EPUB | ||
| 490 | 1 | |a Akal/Vía láctea ; |v 7 | |
| 504 | |a Includes bibliographical references. | ||
| 588 | 0 | |a Online resource; title from ePub title page (Digitalia, viewed June 15, 2022) | |
| 655 | 7 | |a Fiction. |2 lcgft | |
| 655 | 0 | |a Electronic books. | |
| 700 | 1 | |a Piedras Monroy, Pedro Andrés, |e editor. | |
| 700 | 1 | |i Translation of: |a Gogol, Nikolaĭ Vasilevich, |d 1809-1852. |t Mertvye dushi. | |
| 791 | 2 | |a Digitalia (Firm), |e distributor. | |
| 793 | 0 | |g Digitalia eBook Collection: |a Akal | |
| 776 | 0 | 8 | |i Print version: |a Gogol, Nikolaĭ Vasilevich, 1809-1852. |s Mertvye dushi. Spanish (Piedras Monroy). |t Almas muertas. |d Tres Cantos, Madrid, España : Akal, [2009] |z 9788446016021 |
| 830 | 0 | |a Akal/Vía láctea ; |v 7. | |
| 856 | 4 | 0 | |3 Digitalia Hispánica |u https://digitalia.unach.elogim.com/a/70695/ |
| 910 | |a Premium collection: 2022 | ||